| 000 | 00797cam a22002891 4500 | ||
|---|---|---|---|
| 001 | 96923 | ||
| 005 | 20230410120830.0 | ||
| 008 | 770915s1996 fi 000 0 ger c | ||
| 035 | _9(DLC)ac 34003231 | ||
| 035 | _a7823282 | ||
| 010 | _aac 34003231 | ||
| 035 | _a(OCoLC)3267303 | ||
| 020 | _a3492040381 | ||
| 042 | _apremarc | ||
| 043 |
_ae-gx--- _ae------ |
||
| 050 | 1 | 4 |
_aHX 40 _bF983e 1996 |
| 082 | 0 | 0 | _a940.3148 |
| 100 | 1 |
_aFuret, Francois, _d1927-1997. |
|
| 245 | 1 | 4 |
_aDas Ende der Illusionen / _cFrancois Furet. |
| 260 |
_aAmsterdam, _bPiper Verlag Gmbh, _c1996. |
||
| 300 |
_a724 p. _c19 cm. |
||
| 650 | 0 |
_aWorld War, 1914-1918 _xInfluence. |
|
| 650 | 0 | _aWorld politics. | |
| 650 | 0 | _aEconomic policy. | |
| 651 | 0 |
_aGermany _xForeign relations _y1933-1945. |
|
| 942 |
_2lcc _cbk |
||
| 999 |
_c52744 _d52744 |
||